logo

Bir Sreshtho Munshi Abdur Rouf Library
Jhenaidah Cadet College

Distributed systems : (Record no. 14270)

MARC details
000 -LEADER
fixed length control field 01138cam a22003254a 4500
001 - CONTROL NUMBER
JCCL Control Number 14270
003 - CONTROL NUMBER IDENTIFIER
JCCL marc code BD-JhCC
005 - DATE AND TIME OF LATEST TRANSACTION
control field 20250226085549.0
008 - FIXED-LENGTH DATA ELEMENTS--GENERAL INFORMATION
fixed length control field 060724s2007 njua b 001 0 eng
020 ## - INTERNATIONAL STANDARD BOOK NUMBER
International Standard Book Number 0132392275 (alk. paper)
020 ## - INTERNATIONAL STANDARD BOOK NUMBER
International Standard Book Number 9780132392273 (alk. paper)
035 ## - SYSTEM CONTROL NUMBER
system control number (OCoLC)14270
035 ## - SYSTEM CONTROL NUMBER
system control number (OCoLC)70707891
040 ## - CATALOGING SOURCE
Original cataloging agency DLC
Transcribing agency DLC
Modifying agency BAKER
-- C#P
-- VP@
-- YDXCP
-- UBA
-- DLC
041 ## - LANGUAGE CODE
Language code of Book eng
050 00 - LIBRARY OF CONGRESS CALL NUMBER
Classification number QA76.9.D5
Item number T36 2007
082 00 - DEWEY DECIMAL CLASSIFICATION NUMBER
Classification number 005.4476
DDC Edition number 22
Author mark and Year AND 2007
100 1# - MAIN ENTRY--PERSONAL NAME
Personal name Tanenbaum, Andrew S.
245 10 - TITLE STATEMENT
Title Distributed systems :
Remainder of title principles and paradigms /
Statement of responsibility, etc Andrew S. Tanenbaum, Maarten Van Steen.
250 ## - EDITION STATEMENT
Edition statement 2nd ed.
260 ## - PUBLICATION, DISTRIBUTION, ETC. (IMPRINT)
Place of publication, distribution, etc Upper Saddle RIiver, NJ :
Name of publisher, distributor, etc Pearson Prentice Hall,
Date of publication, distribution, etc 2007.
300 ## - PHYSICAL DESCRIPTION
Pagination xviii, 686 p. :
Other physical details ill. ;
Dimensions 25 cm.
504 ## - BIBLIOGRAPHY, ETC. NOTE
Bibliography, etc Includes bibliographical references (p. 623-668) and index.
650 #0 - SUBJECT ADDED ENTRY--TOPICAL TERM
Topical term or geographic name as entry element Electronic data processing
General subdivision Distributed processing.
650 #0 - SUBJECT ADDED ENTRY--TOPICAL TERM
Topical term or geographic name as entry element Distributed operating systems (Computers)
700 1# - ADDED ENTRY--PERSONAL NAME
Personal name Steen, Maarten van.
856 41 - ELECTRONIC LOCATION AND ACCESS
Materials specified Table of contents only
Uniform Resource Identifier http://www.loc.gov/catdir/toc/ecip0617/2006024063.html
942 ## - ADDED ENTRY ELEMENTS (KOHA)
Source of classification or shelving scheme Dewey Decimal Classification
Koha item type Books
Holdings
Source of classification or shelving scheme Damaged status Not for loan Home library Current library Shelving location Date of accession Source of acquisition Total Checkouts Full call number Barcode Date last seen Copy number Method of acquisition Koha item type Currency
Dewey Decimal Classification     JCC Rouf Library JCC Rouf Library General Stacks   With the compliments of Shahriar Imtiaz Rahman,27/1483/K   005.4476 AND 2007 19872 02/26/2025 C-1 Gift/Donation Books BDT

JCC Library | Contacts | JCC Home

Last Update on 23 September 2017
Copyright @ 2017-2020 JCC Rouf Library
Rouf Library, Jhenidah Cadet College (JCC), Bangladesh